[Event "Roncana op-C 10th"]
[Site "Santa Eulalia de Roncana"]
[Date "2016.09.24"]
[Round "1"]
[White "Cortes Danes, Natalia"]
[Black "Villa Tornero, Alex"]
[Result "0-1"]
[WhiteElo "1500"]
[BlackElo "1243"]
[PlyCount "85"]
[EventDate "2016.09.24"]
[EventType "swiss"]
[EventRounds "8"]
[EventCountry "ESP"]
[SourceTitle "EXT 2018"]
[Source "ChessBase"]
[SourceDate "2017.10.13"]
[SourceVersion "1"]
[SourceVersionDate "2017.10.13"]
[SourceQuality "1"]

1. e4 e5 2. Nf3 Nc6 3. Bc4 Be7 4. d3 Nf6 5. Nc3 0-0 6. Bg5 h6 7. Bh4 d6 8. Qe2 Nd4 9. Nd2 Nxe2 10. Nxe2 Nxe4 11. dxe4 Bxh4 12. 0-0-0 Bxf2 13. Rhf1 Qh4 14. g3 Qxh2 15. Nf3 Qh5 16. Rxf2 Bg4 17. Nfg1 Bxe2 18. Bxe2 Qg5+ 19. Kb1 Qxg3 20. Rdf1 f6 21. Bc4+ Kh8 22. Ne2 Qg4 23. Nc3 Rad8 24. Nd5 c6 25. Ne7 b5 26. Bg8 Rxg8 27. a3 Rde8 28. Nxc6 Qxe4 29. Nb4 Rd8 30. Rd2 d5 31. Nc6 Rd6 32. Na5 d4 33. Rg1 Qe3 34. Rdd1 e4 35. Rg4 d3 36. c3 d2 37. Kc2 Qd3+ 38. Kb3 e3 39. Nb7 Qe2 40. Rgg1 Qxd1+ 41. Rxd1 e2 42. Nxd6 exd1Q+ 43. Ka2 0-1